01066nam a2200229Ia 4500003000400000005001700004008004100021020001800062040002100080041000800101082002400109100005100133245009300184250002200277260003700299300002900336500004600365505010500411520026000516650002900776650003100805OSt20200506112432.0191128s2013 ck gr 000 0 spa d a9789588727905 aCO-JMCRcCO-JMCR0 aspa04a306.7082 / bC352l 1 aCastillo Torres, Patrizia de Jesús, eautora10aLo que aprendí del sexo después de sentarme a llorar /cPatrizia de Jesús Castillo aPrimera edición aBogotá : bEdiciones B, c2013 a202 páginas ; c23 cm. aIncluye datos biográficos de la autora. aEl sexo y sus intrincadas facetas -- Viejas… -- El sexo, una puteria en pareja -- Desde el tintero aCon un lenguaje que combina el candor y la crudeza, Patrizia nos ofrece una mirada poco usual a las dichas y desdichas de la sexualidad femenina. A partir de su historia personal nos invita a pensar sobre las experiencias comunes a muchas mujeres, desde l14aMujeresxconducta sexual24aSexo xRelaciones sexuales